| 000 | 00542nam a2200181Ia 4500 | ||
|---|---|---|---|
| 001 | 20924 | ||
| 005 | 20260306172841.0 | ||
| 008 | 260306t2020||||xx |||||||||||||| ||spa|| | ||
| 041 | _aESP | ||
| 082 |
_a343.8 _bV66S |
||
| 100 |
_aVillazana Ochoa, Saúl, _eAUT |
||
| 245 | 0 |
_aSupuestos de prescripción tributaria/ Requisitos para solicitar un fraccionamiento tributario: _bresolución de superintendencia N° 161-2015-SUNAT |
|
| 260 | _c2020 | ||
| 300 |
_a64 páginas : _c |
||
| 650 | _aGEN | ||
| 654 | _aCCO | ||
| 942 |
_cLIB _dJUS _fJUS _2ddc _n |
||
| 999 |
_c20924 _d20924 |
||